The Art of Computer Programming, Volumes I
| Main Author: | |
|---|---|
| Format: | Unknown |
| Language: | English |
| Published: |
Addison-Wesley
2011
|
| LEADER | 00294 a2200109 4500 | ||
|---|---|---|---|
| 008 | 200316b xxu||||| |||| 00| 0 eng d | ||
| 999 | |c 41724 |d 41724 | ||
| 020 | |a 9780321751041 | ||
| 100 | |a D. E. Knuth |9 39905 | ||
| 245 | |a The Art of Computer Programming, Volumes I | ||
| 260 | |b Addison-Wesley |c 2011 | ||
| 942 | |2 ddc |c BK | ||